| 000 | 00470nam a2200193Ia 4500 | ||
|---|---|---|---|
| 008 | 180207s9999 xx 000 0 und d | ||
| 020 | _a9781586682393 | ||
| 050 | _bL334 1996 | ||
| 100 | _aLarsen, Margie | ||
| 245 | _aPlay safely / | ||
| 245 | _cby Margie Larsen and Mary Ann Dudko. | ||
| 260 | _aNew York : | ||
| 260 | _bScholastic, | ||
| 260 | _c1996 | ||
| 300 | _aunpaged : | ||
| 300 | _bcolor illustration ; | ||
| 300 | _c18cm. | ||
| 440 | _aBarney says. | ||
| 999 |
_c355692 _d355692 |
||